LEADER 01373nam a2200301 u 4500 001 000000024650 003 CaOOAMICUS 005 20070226111357.0 008 950612s1977 it u000 u ita u 035 $a10627004 040 $aPUL(R)$bita 041 0 $aita$alat 100 1 $aSimoncelli, Paolo.$0(OLS)http://pul/name/20541 245 13$aIl caso Reginald Pole :$beresia e santità nelle polemiche religiose del Cinquecento /$cPaolo Simoncelli. 260 $aRoma :$bEdizioni di Storia e Letteratura,$c1977. 300 $a280 p. ;$c25 cm 490 1 $aUomini e dottrine ;$v23 500 $aAppendices (p. [243]-265) consist of documents in Latin. 504 $aIncludes bibliographical references and index. 600 14$aPole, Reginald,$ccard.,$d1500-1558.$0(OLS)http://pul/subject/14797 650 0$aCardinals$zEngland$xBiography.$2//eng$0(OLS)http://pul/subject/14798 830 0$aUomini e dottrine ;$v23.$0(OLS)http://pul/title/8244 850 $aPUL 852 $aPUL$W1$xSL Filosofia 1$y2$m114 H 31$j34503$nBK-PRI$b $qStampati$B34503$CPULBib$Z2$F34503 $H $81 941 1 $a8 961 $aINV: 47162 996 $6245$aIl caso Reginald Pole :$beresia e santità nelle polemiche religiose del Cinquecento$9(OLS)http://pul/title/34057 996 $6260$aRoma :$bEdizioni di Storia e Letteratura$9(OLS)http://pul/publisher/48123 LEADER 01124nam a2200277 u 4500 001 000000091949 003 CaOOAMICUS 005 20070226124903.0 008 060330s1921 gw u000 u ger u 035 $a11083904 040 $aPUL(R)$bita 041 1 $ager$hgrc 100 0 $aPlato,$d427-347 a.C.$0(OLS)http://pul/name/250 240 10$aEpistulae$9(Plato, 427-347 a.C. Opere spurie e dubbie).$lTedesco.$0(OLS)http://pul/title/118681 245 10$aBriefe /$cPlatons ; Übersetzt und erläutert von Otto Apelt. 260 $aLeipzig :$bMeiner,$c1921. 300 $a154 p. ;$c19 cm 490 1 $aDer philosophischen Bibliotek ;$v173 700 1 $aApelt, Otto,$dn. 1845.$0(OLS)http://pul/name/59246 830 4$aDer philosophischen Bibliotek ;$v173.$0(OLS)http://pul/title/73245 850 $aPUL 852 $aPUL$W1$xDP1 Fondo Seidl$y56$m4 A 50$j115724$nBK-PRI$b $qFondi$B115724$CPULBib$Z2$F115724 $H $81 900 $aPlatone,$d427-347 a.C.$9250 941 1 $a1 996 $6245$aBriefe$9(OLS)http://pul/title/107720 996 $6260$aLeipzig :$bMeiner$9(OLS)http://pul/publisher/69709